000 00830nam a2200229Ii 4500
003 JO-AjNU
008 230605s9999||||xx |||||||||||||| ||und||
017 _a2019/4/2201
020 _a978-9957-66-137-3
040 _aJO-AjNU
_bara
_erda
_cJO-AjNU
041 _aara
050 1 4 _aHC79 2020
100 3 _aسلامي،أحمد,
_eauthor
_963967
245 0 0 _aالإدخار وتمويل التنمية
250 _aط1
264 3 1 _aعمان:دار ومكتبة حامد للنشر والتوزيع،2021
300 _a597ص
_bيحتوي على ملاحق من ص 519-566ويحتوي على مراجع من ص657-596
336 _atext
_btxt
_2rdacontent
337 _aunmediated
_bn
_2rdamedia
338 _avolume
_bnc
_2rdacarrier
650 4 _aمعدل الادخار -المدخرات-مالية التنمية
_963968
999 _aA29042
_c32610
_d32610